| 000 -LEADER | |
|---|---|
| fixed length control field | 00409nam a22001577a 4500 |
| 005 - DATE AND TIME OF LATEST TRANSACTION | |
| control field | 20240108153458.0 |
| 008 - FIXED-LENGTH DATA ELEMENTS--GENERAL INFORMATION | |
| fixed length control field | 190528b xxu||||| |||| 00| 0 eng d |
| 020 ## - INTERNATIONAL STANDARD BOOK NUMBER | |
| ISBN | 978-93-83073-17-7 |
| 041 ## - LANGUAGE CODE | |
| Language code of text/sound track or separate title | eng |
| 100 ## - MAIN ENTRY--AUTHOR NAME | |
| Personal name | GOKHALE,S.B.,KOKTE,C.K .,AND PUROHIT,A.P |
| 245 ## - TITLE STATEMENT | |
| Title | PHARMACOGNOSY - IV (SEM- V) |
| 250 ## - EDITION STATEMENT | |
| Edition statement | 2 nd, Ed.2017 |
| 260 ## - PUBLICATION, DISTRIBUTION, ETC. (IMPRINT) | |
| Place of publication | PUNE |
| Name of publisher | NIRALI PRAKASHAN |
| 300 ## - PHYSICAL DESCRIPTION | |
| Number of Pages | 1.6p, |
| 942 ## - ADDED ENTRY ELEMENTS (KOHA) | |
| Koha item type | Books |
| Lost status | Damaged status | Collection code | Home library | Current library | Shelving location | Date acquired | Source of acquisition | Cost, normal purchase price | Accession Number | Koha item type |
|---|---|---|---|---|---|---|---|---|---|---|
| PHARMACY | JRU Library | JRU Library | Shelf - 25- D | 28/05/2019 | PURCHESS | 100.00 | 22812 | Books | ||
| Reference | JRU Library | JRU Library | SHELF-4-C | 28/05/2019 | PURCHESS | 100.00 | 22813 | Books | ||
| PHARMACY | JRU Library | JRU Library | Shelf - 25- D | 28/05/2019 | PURCHESS | 100.00 | 22814 | Books |